Philippians / (Record no. 124302)
[ view plain ]
| 000 -LEADER | |
|---|---|
| fixed length control field | 00937cam a2200301Ia 4500 |
| 001 - CONTROL NUMBER | |
| control field | 5499380 |
| 003 - CONTROL NUMBER IDENTIFIER | |
| control field | ARRUPE |
| 005 - DATE AND TIME OF LATEST TRANSACTION | |
| control field | 20160307085717.0 |
| 008 - FIXED-LENGTH DATA ELEMENTS--GENERAL INFORMATION | |
| fixed length control field | 051219s2005 miu b 001 0 eng d |
| 020 ## - INTERNATIONAL STANDARD BOOK NUMBER | |
| International Standard Book Number | 0802825516 |
| 024 3# - OTHER STANDARD IDENTIFIER | |
| Standard number or code | 9780802825513 |
| 035 ## - SYSTEM CONTROL NUMBER | |
| System control number | (OCoLC)ocm62254822 |
| 035 ## - SYSTEM CONTROL NUMBER | |
| System control number | (NNC)5499380 |
| 040 ## - CATALOGING SOURCE | |
| Original cataloging agency | TEF |
| Transcribing agency | TEF |
| Modifying agency | BAKER |
| 050 04 - LIBRARY OF CONGRESS CALL NUMBER | |
| Classification number | BX2705.3 .F785 |
| 082 04 - DEWEY DECIMAL CLASSIFICATION NUMBER | |
| Classification number | 227/.606 |
| Edition number | 22 |
| 300 ## - PHYSICAL DESCRIPTION | |
| Dimensions | 24 cm. |
| 100 1# - MAIN ENTRY--PERSONAL NAME | |
| Personal name | Fowl, Stephen E. |
| 9 (RLIN) | 22721 |
| 245 10 - TITLE STATEMENT | |
| Title | Philippians / |
| Statement of responsibility, etc | Stephen E. Fowl. |
| 260 ## - PUBLICATION, DISTRIBUTION, ETC. (IMPRINT) | |
| Place of publication, distribution, etc | Grand Rapids, Mich. : |
| Name of publisher, distributor, etc | W.B. Eerdmans Pub. Co., |
| Date of publication, distribution, etc | c2005. |
| 300 ## - PHYSICAL DESCRIPTION | |
| Extent | x, 254 p. ; |
| 490 1# - SERIES STATEMENT | |
| Series statement | The two horizons New Testament commentary |
| 504 ## - BIBLIOGRAPHY, ETC. NOTE | |
| Bibliography, etc | Includes bibliographical references (p. 236-243) and indexes. |
| 630 00 - SUBJECT ADDED ENTRY--UNIFORM TITLE | |
| Uniform title | Bible.N.T |
| Name of part/section of a work | Philippians |
| Form subdivision | Commentaries. |
| 9 (RLIN) | 11835 |
| 830 #0 - SERIES ADDED ENTRY--UNIFORM TITLE | |
| Uniform title | Two horizons New Testament commentary. |
| 9 (RLIN) | 22722 |
| 942 ## - ADDED ENTRY ELEMENTS (KOHA) | |
| Source of classification or shelving scheme | Library of Congress Classification |
| Koha item type | Monograph ( Printed materials) |
| 948 1# - LOCAL PROCESSING INFORMATION (OCLC); SERIES PART DESIGNATOR (RLIN) | |
| Series part designator, SPT (RLIN) | 20060130 |
| b (OCLC) | c |
| c (OCLC) | dc21 |
| d (OCLC) | MPS |
| Withdrawn status | Lost status | Source of classification or shelving scheme | Damaged status | Not for loan | Collection code | Home library | Current library | Shelving location | Date acquired | Total Checkouts | Full call number | Barcode | Date last seen | Price effective from | Koha item type |
|---|---|---|---|---|---|---|---|---|---|---|---|---|---|---|---|
| Library of Congress Classification | Main Collection | ARRUPE LIBRARY | ARRUPE LIBRARY | Main Collection | 03/03/2016 | BX2705.3 .F785 2005 | 46500006292 | 22/11/2017 | 03/03/2016 | Monograph ( Printed materials) |